[Event "Tourn. n7972"]
[Site "www.chess-mail.com"]
[Date "2015.01.25"]
[Round "1"]
[White "Georgepapi"]
[Black "Colchester"]
[WhiteElo "1820"]
[BlackElo "1770"]
[Result "1-0"]
[Round "1"]
1.e4 c5
2.Ng1f3 e6
3.d4 cxd4
4.Nf3xd4 a6
5.Nb1c3 Qd8c7
6.Bc1e3 Ng8f6
7.f3 Nb8c6
8.Qd1d2 Bf8b4
9.a3 Bb4xc3
10.Qd2xc3 O-O
11.O-O-O b5
12.Be3g5 Bc8b7
13.Bg5xf6 gxf6
14.Nd4xc6 dxc6
15.Qc3xf6 Rf8d8
16.Bf1d3 c5
17.c4 Bb7c6
18.e5 bxc4
19.Bd3xc4 Bc6b5
20.Bc4xb5 axb5
21.h4 Rd8xd1
22.Rh1xd1 b4
23.h5 bxa3
24.h6 axb2
25.Kb1 Qc7a5
26.Qf6g7 { resign }
1-0

[Event "Tourn. n7959"]
[Site "www.chess-mail.com"]
[Date "2015.01.25"]
[Round "1"]
[White "Louis"]
[Black "Blackpool"]
[WhiteElo "1910"]
[BlackElo "1830"]
[Result "0-1"]
[Round "1"]
1.d4 Ng8f6
2.c4 c5
3.d5 e6
4.Nb1c3 exd5
5.cxd5 d6
6.e4 g6
7.f4 Bf8g7
8.e5 Qd8e7
9.Nc3b5 O-O
10.Nb5xd6 Nb8d7
11.Ng1f3 Nd7b6
12.Nd6xc8 Ra8xc8
{ resign }
0-1

[Event "Tourn. n8035"]
[Site "www.chess-mail.com"]
[Date "2015.01.25"]
[Round "1"]
[White "Gorgo"]
[Black "Ranjachess"]
[WhiteElo "1599"]
[BlackElo "1550"]
[Result "1-0"]
[Round "1"]
1.d4 d5
2.c4 Ng8f6
3.cxd5 Nf6xd5
4.e4 Nd5f6
5.e5 Nf6d5
6.Bf1c4 Bc8f5
7.Qd1b3 e6
8.Qb3xb7 Nd5b6
9.Ng1f3 c6
10.Bc4e2 Bf8e7
11.Nb1c3 O-O
12.O-O Be7g5
13.Nf3xg5 f6
14.exf6 gxf6
15.Nc3a4 fxg5
16.Na4xb6 Rf8f7
17.Qb7xa8 Qd8xb6
18.Bc1xg5 Rf7f8
19.Bg5e7 Rf8c8
20.b4 e5
21.Be7c5 Qb6c7
22.Qa8xa7 Bf5e4
23.Qa7xc7 Rc8xc7
24.Bc5d6 Rc7b7
25.dxe5 Nb8d7
26.f4 Nd7f8
27.f5 Rb7f7
28.Be2c4 Be4d5
29.Bc4xd5 cxd5
30.e6 Rf7f6
31.e7 Kf7
32.exf8Q 
1-0

[Event "Tourn. n7859"]
[Site "www.chess-mail.com"]
[Date "2015.01.25"]
[Round "1"]
[White "Xkafi"]
[Black "Hundegana"]
[WhiteElo "2010"]
[BlackElo "2060"]
[Result "1/2-1/2"]
[Round "1"]
1.e4 c5
2.Bf1c4 e6
3.d4 Nb8c6
4.d5 Nc6e5
5.Nb1a3 Ng8f6
6.f3 Ne5xc4
7.Na3xc4 b5
8.Nc4e5 Bf8d6
9.Ne5g4 Nf6xg4
10.fxg4 Qd8h4
11.g3 Bd6xg3
12.Kf1 b4
13.Qd1f3 Bg3e5
14.Bc1e3 Bc8a6
15.Kg2 d6
16.Ng1e2 h5
17.g5 Qh4g4
18.Ne2g3 Qg4xf3
19.Kxf3 Be5xb2
20.Ra1b1 Bb2e5
21.dxe6 fxe6
22.Rb1d1 g6
23.Ng3e2 O-O
24.Ne2f4 Rf8f7
25.Kg3 Be5xf4
26.Be3xf4 e5
27.Bf4e3 Ra8d8
28.Be3xc5 Rf7b7
29.Bc5xd6 Ba6e2
30.Rd1d2 Be2c4
31.Rh1a1 a5
32.a4 Rb7d7
33.Ra1d1 Kf7
34.Bd6xb4 Rd7xd2
35.Rd1xd2 Rd8xd2
36.Bb4xd2 Ke6
37.Bd2xa5 Kd6
38.Ba5c3 Ke6
39.Bc3b4 Kd7
40.Kf3 Kc6
41.Ke3 Kd7
42.Kd2 Kc6
43.Kc3 Bc4a6
44.Bb4e7 Ba6f1
45.Kb4 Bf1e2
46.Kc3 Be2a6
47.Kb4 Ba6f1
48.c4 Bf1g2
49.c5 Bg2xe4
50.a5 Be4d5
51.a6 e4
52.Kc3 Kb5
53.Kd4 Bd5a8
54.a7 Ka6
55.c6 Ba8xc6
56.Be7c5 Kb5
57.Bc5d6 Kb6
58.Bd6c5 Kb5
59.Bc5a3 Ka6
60.Ba3c5 Kb5
61.Bc5d6 Ka4
62.Kc5 Bc6a8
63.Kb6 e3
64.Kc7 h4
65.Bd6f4 e2
66.Bf4d2 Kb3
67.Kb8 Kc2
68.Bd2e1 Ba8d5
69.Be1xh4 Kd1
70.Kc7 e1Q

1/2-1/2

[Event "Tourn. n7981"]
[Site "www.chess-mail.com"]
[Date "2015.01.25"]
[Round "1"]
[White "Seger"]
[Black "Wings"]
[WhiteElo "2630"]
[BlackElo "2520"]
[Result "1-0"]
[Round "1"]
1.e4 c5
2.c4 Nb8c6
3.Ng1f3 e6
4.Bf1e2 Ng8f6
5.Nb1c3 b6
6.d4 cxd4
7.Nf3xd4 Nc6xd4
8.Qd1xd4 Bf8c5
9.Qd4d3 Qd8c7
10.Bc1g5 Bc8b7
11.Ra1d1 a6
12.e5 Qc7xe5
13.Bg5xf6 { resign }
1-0

[Event "Tourn. n8042"]
[Site "www.chess-mail.com"]
[Date "2015.01.25"]
[Round "1"]
[White "Hansen"]
[Black "Vitoriccardo"]
[WhiteElo "1490"]
[BlackElo "1499"]
[Result "0-1"]
[Round "1"]
1.e4 d6
2.Nb1c3 Ng8f6
3.Bf1b5 Bc8d7
4.a4 e5
5.d3 Bd7xb5
6.Nc3xb5 c6
7.Nb5c3 d5
8.Bc1g5 d4
9.Nc3e2 Bf8e7
10.Ne2g3 Be7b4
11.c3 dxc3
12.Ra1b1 c2
13.Qd1d2 cxb1Q
14.Ke2 Bb4xd2
15.Bg5xd2 Qd8xd3

0-1

[Event "Tourn. n7873"]
[Site "www.chess-mail.com"]
[Date "2015.01.25"]
[Round "1"]
[White "Hundegana"]
[Black "Libiesse"]
[WhiteElo "2020"]
[BlackElo "2060"]
[Result "1/2-1/2"]
[Round "1"]
1.d4 d5
2.e3 Ng8f6
3.Ng1f3 Bc8g4
4.h3 Bg4f5
5.g4 Bf5d7
6.c3 h6
7.Nb1d2 e6
8.Nd2b3 Bd7a4
9.Qd1c2 c5
10.Qc2b1 c4
11.Nb3d2 Bf8d6
12.b3 cxb3
13.axb3 Ba4c6
14.b4 Qd8c7
15.Bc1b2 O-O
16.Ra1a2 Nf6e4
17.Nd2xe4 dxe4
18.Nf3d2 b5
19.Bf1g2 Qc7b7
20.O-O Nb8d7
21.Bg2xe4 Bc6xe4
22.Qb1xe4 Qb7xe4
23.Nd2xe4 Bd6e7
24.Kg2 Nd7f6
25.Ne4xf6 Be7xf6
26.Rf1a1 Rf8c8
27.Ra2xa7 Ra8xa7
28.Ra1xa7 Rc8b8
29.Kf3 Bf6h4
30.Ke2 Kf8
31.f4 g6
32.Kd3 Ke8
33.f5 gxf5
34.gxf5 exf5
35.Bb2c1 Bh4g5
36.Bc1d2 Rb8b6
37.d5 Rb6d6
38.Kd4 Rd6f6
39.Ke5 Kd8
40.Ra7b7 Rf6a6
41.Rb7xf7 Ra6a2
42.Bd2e1 Ra2e2
43.h4 Bg5xe3
44.Be1g3 f4
45.Rf7xf4 Be3xf4
46.Kxf4 Re2d2
47.Ke4 Ke7
48.Bg3f4 Rd2c2
49.Kd3 Rc2f2
50.Bf4xh6 Kd6
51.Ke3 Rf2f5
52.Ke4 Rf5xd5
53.Bh6g5 Ke6
{ draw }
1/2-1/2

[Event "Tourn. n7911"]
[Site "www.chess-mail.com"]
[Date "2015.01.25"]
[Round "1"]
[White "Korto"]
[Black "Roqueur"]
[WhiteElo "2320"]
[BlackElo "2560"]
[Result "1/2-1/2"]
[Round "1"]
1.d4 Ng8f6
2.Ng1f3 d5
3.Bc1g5 Nf6e4
4.Bg5f4 Bc8f5
5.e3 e6
6.Nb1d2 Bf8d6
7.Bf1b5 c6
8.Bb5d3 O-O
9.Bd3xe4 Bf5xe4
10.Nd2xe4 dxe4
11.Bf4xd6 Qd8xd6
12.Nf3d2 f5
13.O-O Nb8d7
14.c3 c5
15.f3 exf3
16.Nd2xf3 Nd7f6
17.Qd1b3 Nf6e4
18.Ra1d1 Ra8c8
19.Nf3e5 Rc8c7
20.c4 a6
21.a4 b6
22.Ne5f3 g6
23.Nf3d2 Ne4f6
24.Nd2f3 Rf8c8
25.Qb3a3 Nf6e4
26.Rd1d3 Rc7e7
27.dxc5 Qd6xc5
28.Qa3xc5 Ne4xc5
29.Rd3d6 Re7b7
30.b3 Nc5xb3
31.Rf1b1 Nb3c5
32.Rb1xb6 Rb7xb6
33.Rd6xb6 a5
34.Nf3g5 Nc5xa4
35.Rb6a6 Na4b2
36.c5 e5
37.Ra6xa5 h6
38.Ng5f3 Nb2c4
39.Ra5a6 Rc8xc5
40.Kf2 Kf7
41.Nf3h4 Rc5a5
42.Ra6xg6 Ra5a2
43.Kf3 Ra2a3
44.Rg6xh6 Nc4xe3
45.Ke2 e4
46.g3 Ne3g4
47.Rh6b6 { draw }
1/2-1/2

[Event "Tourn. n8020"]
[Site "www.chess-mail.com"]
[Date "2015.01.25"]
[Round "1"]
[White "Krasin"]
[Black "Osopanda"]
[WhiteElo "2230"]
[BlackElo "2100"]
[Result "0-1"]
[Round "1"]
1.e4 c5
2.c3 Nb8c6
3.d4 cxd4
4.cxd4 d5
5.exd5 Qd8xd5
6.Ng1f3 Bc8g4
7.Bf1e2 O-O-O
8.Nb1c3 Qd5a5
9.O-O Bg4xf3
10.Be2xf3 Nc6xd4
11.Bc1e3 e5
12.Ra1c1 Kb8
13.Bf3d5 Bf8c5
14.Bd5xf7 Ng8f6
15.a3 Qa5c7
16.Bf7a2 Nd4e6
17.Ba2xe6 Rd8xd1
18.Rf1xd1 Bc5xe3
19.fxe3 Qc7b6
{ resign }
0-1

[Event "Tourn. n8041"]
[Site "www.chess-mail.com"]
[Date "2015.01.25"]
[Round "1"]
[White "Zazi"]
[Black "Gorgo"]
[WhiteElo "1590"]
[BlackElo "1599"]
[Result "0-1"]
[Round "1"]
1.Nb1c3 d5
2.e3 e5
3.d4 e4
4.f3 Bf8b4
5.Qd1d2 exf3
6.gxf3 Ng8e7
7.a3 Bb4xc3
8.Qd2xc3 Ne7f5
9.Ng1e2 Nb8c6
10.e4 Qd8h4
11.Kd1 dxe4
12.fxe4 Nf5xd4
13.Ne2xd4 Nc6xd4
14.Qc3xd4 Bc8g4
15.Kd2 Ra8d8
16.Qd4xd8 Kxd8
17.h3 Bg4f3
18.Rh1h2 Qh4f4
19.Kc3 Qf4xh2
20.Bc1e3 Bf3xe4
21.Ra1d1 Kc8
22.Rd1d2 Qh2e5
23.Be3d4 Qe5a5
24.b4 Qa5xa3
25.Kc4 Rh8d8
26.Kc5 Rd8d5
27.Kc4 c5
28.bxc5 a5
29.Bd4c3 Qa3a4
30.Bc3b4 Qa4xb4

0-1

[Event "Tourn. n7886"]
[Site "www.chess-mail.com"]
[Date "2015.01.25"]
[Round "1"]
[White "Picifarkinca"]
[Black "Welberth"]
[WhiteElo "1890"]
[BlackElo "1870"]
[Result "1-0"]
[Round "1"]
1.Ng1f3 Ng8f6
2.c4 g6
3.Nb1c3 Bf8g7
4.g3 O-O
5.Bf1g2 d5
6.cxd5 Nf6xd5
7.O-O c6
8.e4 Nd5b4
9.d4 Nb8d7
10.Rf1e1 e5
11.Bc1e3 exd4
12.Nf3xd4 Nd7e5
13.Re1f1 Bc8g4
14.f3 Bg4c8
15.a3 Nb4a6
16.Qd1e2 Na6c5
17.Nd4xc6 Ne5xc6
18.Be3xc5 Rf8e8
19.Rf1d1 Qd8a5
20.b4 Qa5c7
21.Nc3b5 Qc7e5
22.Bc5d6 Qe5h5
23.Ra1b1 Bc8e6
24.Kh1 Ra8c8
25.Nb5c7 Re8d8
26.Nc7xe6  { time }
1-0

[Event "Tourn. n7964"]
[Site "www.chess-mail.com"]
[Date "2015.01.25"]
[Round "1"]
[White "Iko"]
[Black "Gatrooper"]
[WhiteElo "1460"]
[BlackElo "1420"]
[Result "1-0"]
[Round "1"]
1.e4 e5
2.Ng1f3 Nb8c6
3.Bf1b5 a6
4.Bb5xc6 dxc6
5.Nf3xe5 f6
6.Qd1h5 g6
7.Ne5xg6 hxg6
8.Qh5xh8 Ng8e7
9.Qh8xf6 Qd8d4
10.Qf6xd4 Bc8d7
11.O-O Ra8d8
12.Qd4a7 g5
13.Qa7xb7 Bd7c8
14.Qb7xc7 Rd8d7
15.Qc7g3 Rd7d8
16.Qg3xg5 Kd7
17.d4 Kc7
18.Bc1e3 Kb7
19.Nb1a3 Rd8d7
20.Ra1d1 Rd7c7
21.d5 cxd5
22.exd5 Rc7d7
23.d6 Ka8
24.dxe7 Bf8xe7
25.Qg5g8 Rd7c7
26.Na3c4 Kb7
27.Qg8d5 Rc7c6
28.Nc4a5 Kb8
29.Na5xc6 { resign }
1-0

[Event "Tourn. n7983"]
[Site "www.chess-mail.com"]
[Date "2015.01.25"]
[Round "1"]
[White "Osopanda"]
[Black "Guidom"]
[WhiteElo "1980"]
[BlackElo "2040"]
[Result "1/2-1/2"]
[Round "1"]
1.c4 c5
2.Ng1f3 Nb8c6
3.d4 cxd4
4.Nf3xd4 Ng8f6
5.Nb1c3 g6
6.e4 Bf8g7
7.f3 O-O
8.Bc1e3 b6
9.Bf1e2 Bc8b7
10.O-O a6
11.Qd1d2 Qd8c7
12.Ra1c1 Ra8d8
13.Nc3d5 Qc7b8
14.Nd4xc6 dxc6
15.Nd5xe7 Kh8
16.Qd2b4 b5
17.Be3b6 Rd8d7
18.cxb5 cxb5
19.Bb6f2 Rf8d8
20.Ne7c6 Bb7xc6
21.Rc1xc6 Rd7d6
22.Rc6xd6 Rd8xd6
23.e5 Rd6e6
24.Bf2g3 Nf6d5
25.Qb4d4 Nd5e7
26.Qd4d7 Qb8c8
27.Qd7xc8 Ne7xc8
28.a4 bxa4
29.Be2c4 Re6e7
30.Rf1a1 Bg7xe5
31.Bg3xe5 Re7xe5
32.Ra1xa4 Nc8b6
33.Ra4b4 Nb6xc4
34.Rb4xc4 Re5b5
{ draw }
1/2-1/2

[Event "Tourn. n7941"]
[Site "www.chess-mail.com"]
[Date "2015.01.25"]
[Round "1"]
[White "Falcoale"]
[Black "Cardiff"]
[WhiteElo "2000"]
[BlackElo "2100"]
[Result "0-1"]
[Round "1"]
1.e4 c6
2.Ng1f3 d5
3.exd5 cxd5
4.d3 Ng8f6
5.h3 Nb8c6
6.Bc1e3 e5
7.Bf1e2 d4
8.Be3g5 Bf8e7
9.O-O h6
10.Bg5h4 Nf6d5
11.Bh4xe7 Qd8xe7
12.Rf1e1 O-O
13.Nb1d2 Nd5f4
14.Be2f1 Qe7c7
15.Nd2c4 b5
16.Nc4d2 Rf8e8
17.Nd2e4 f5
18.Ne4g3 Bc8d7
19.Nf3h4 Re8f8
20.Ng3h5 Nf4xh5
21.Qd1xh5 Ra8e8
22.Re1e2 Kh7
23.Ra1e1 Rf8f6
24.g4 fxg4
25.hxg4 g6
26.Nh4xg6 Rf6xg6
27.f3 a6
28.Re2h2 Re8g8
29.Rh2e2 Rg6g5
30.Qh5h1 Rg8f8
31.Re2h2 Rf8f6
32.Rh2h3 Nc6b4
33.a3 Nb4xc2
34.Re1e2 Nc2e3
35.Re2h2 Qc7d6
36.Kf2 Ne3xg4
37.Ke2 Ng4xh2
38.Rh3xh2 Bd7c6
39.Bf1g2 Rg5xg2
40.Rh2xg2 Bc6xf3
41.Kd2 Bf3xg2
42.Qh1xg2 Rf6g6
43.Qg2e4 Kg7
{ resign }
0-1

[Event "Tourn. n7976"]
[Site "www.chess-mail.com"]
[Date "2015.01.25"]
[Round "1"]
[White "Gatrooper"]
[Black "Zazi"]
[WhiteElo "1440"]
[BlackElo "1570"]
[Result "1-0"]
[Round "1"]
1.e4 d5
2.e5 g5
3.d4 f6
4.exf6 exf6
5.h3 Bf8g7
6.Qd1e2 Kf8
7.Bc1e3 Ng8e7
8.Ng1f3 Kf7
9.a3 Rh8e8
10.Nb1c3 g4
11.hxg4 Bc8xg4
12.Rh1xh7 Ne7f5
13.g3 Nb8c6
14.O-O-O Qd8d6
15.Bf1h3 Bg4xh3
16.Rh7xh3 Bg7h6
17.Qe2f1 Bh6xe3
18.fxe3 Nf5xe3
19.Rh3h7 Kg8
20.Qf1d3 f5
21.Rd1h1 Ra8d8
22.Rh7h8 Kg7
23.Rh1h7 Kf6
24.Rh7h6 Ke7
25.Rh6xd6 Kxd6
26.Rh8h6 Re8e6
27.Nc3b5 Kd7
28.Rh6xe6 Kxe6
29.Qd3e2 Kd7
30.Qe2xe3 a6
31.Nb5c3 Rd8e8
32.Qe3f4 Re8f8
33.Nf3e5 Kc8
34.Nc3xd5 Kd8
35.Ne5xc6 bxc6
36.Qf4xc7 Ke8
37.Qc7e7 
1-0

[Event "Tourn. n7901"]
[Site "www.chess-mail.com"]
[Date "2015.01.25"]
[Round "1"]
[White "Anja"]
[Black "Falcoale"]
[WhiteElo "1930"]
[BlackElo "2060"]
[Result "1-0"]
[Round "1"]
1.d4 Ng8f6
2.c4 e6
3.Nb1c3 b6
4.e4 Bc8b7
5.Bf1d3 Bf8b4
6.Qd1e2 O-O
7.Ng1f3 c5
8.O-O cxd4
9.Nf3xd4 Nb8c6
10.Bc1d2 Nc6xd4
11.Qe2e3 e5
12.Nc3d5 Bb4xd2
13.Qe3xd2 Ra8c8
14.Qd2g5 Nd4e6
15.Nd5xf6 Qd8xf6
16.Qg5xf6 gxf6
17.Rf1e1 Ne6d4
18.Ra1c1 Rc8c7
19.f3 Rf8c8
20.b3 a6
21.Kf2 b5
22.c5 Rc7xc5
23.Rc1xc5 Bb7c6
24.Re1c1 Nd4e6
25.Rc5c3 Kf8
26.a4 bxa4
27.bxa4 Ne6d4
28.Bd3xa6 Rc8b8
29.Ba6b5 Nd4xb5
30.axb5 Rb8xb5
31.Rc3d3 Rb5b2
32.Kg3 Kg7
33.Rc1d1 Kg6
34.Rd1d2 Rb2xd2
35.Rd3xd2 Kg7
36.Kg4 Kg6
37.Rd2d6 h6
38.f4 h5
39.Kf3 exf4
40.Kxf4 Kg7
41.Kf5 Kf8
42.Rd6xf6 Kg7
43.Rf6d6 Kf8
44.Rd6h6 { resign }
1-0

[Event "Tourn. n7931"]
[Site "www.chess-mail.com"]
[Date "2015.01.25"]
[Round "1"]
[White "Louis"]
[Black "Blackpool"]
[WhiteElo "1860"]
[BlackElo "1870"]
[Result "0-1"]
[Round "1"]
1.e4 g6
2.d4 Bf8g7
3.Nb1c3 d6
4.Bc1e3 Ng8f6
5.Qd1d2 c6
6.Ng1f3 a6
7.Bf1e2 b5
8.e5 dxe5
9.Nf3xe5 O-O
10.O-O Nf6d5
11.Nc3xd5 cxd5
12.a4 bxa4
13.Ra1xa4 f6
14.Ne5d3 e5
15.Nd3c5 Nb8c6
16.c3 exd4
17.Be3xd4 Nc6xd4
18.Ra4xd4 Qd8b6
19.Rd4xd5 Ra8a7
20.Be2c4 Kh8
21.b3 Bc8b7
{ resign }
0-1

[Event "Tourn. n8038"]
[Site "www.chess-mail.com"]
[Date "2015.01.25"]
[Round "1"]
[White "Cristero"]
[Black "Luban"]
[WhiteElo "2100"]
[BlackElo "2130"]
[Result "1-0"]
[Round "1"]
1.e4 c5
2.Ng1f3 d6
3.d4 cxd4
4.Nf3xd4 Ng8f6
5.Nb1c3 a6
6.Bc1e3 e6
7.f3 b5
8.Qd1d2 Bc8b7
9.O-O-O Bf8e7
10.g4 h6
11.h4 Nb8c6
12.Nd4xc6 Bb7xc6
13.Nc3e2 Ra8c8
14.Ne2d4 Bc6b7
15.Kb1 Qd8c7
16.Bf1d3 d5
17.g5 hxg5
18.hxg5 Nf6h5
19.g6 f6
20.Nd4xe6 { resign }
1-0

[Event "Match"]
[Site "www.echecsemail.com"]
[Date "2015.01.25"]
[Round "1"]
[White "Georgepapi"]
[Black "Paco"]
[WhiteElo "1480"]
[BlackElo "1970"]
[Result "1-0"]
[Round "1"]
1.e4 e5
2.Ng1f3 Nb8c6
3.Bf1c4 Ng8f6
4.Nb1c3 Bf8c5
5.d3 Nf6g4
6.O-O h5
7.h3 Ng4xf2
8.Rf1xf2 Bc5xf2
9.Kxf2 Nc6d4
10.Bc1e3 d6
11.Nf3xd4 exd4
12.Be3xd4 Qd8h4
13.Kg1 Rh8h6
14.Qd1f3 f6
15.Nc3d5 Kd7
16.Qf3f5 Kd8
17.Qf5f4 Qh4xf4
18.Nd5xf4 g5
19.Nf4e6 Bc8xe6
20.Bc4xe6 Ke7
21.Be6f5 c5
22.Bd4c3 b5
23.Bc3d2 b4
24.h4 Ra8g8
25.a3 a5
26.axb4 axb4
27.Ra1a7 Kf8
28.Ra7a8 Kg7
29.Ra8xg8 Kxg8
30.hxg5 fxg5
31.Bd2xg5 Rh6h8
32.Bg5e7 b3
33.c3 Kf7
34.Be7xd6 c4
35.d4 h4
36.e5 Rh8h5
37.e6 Kf6
38.e7 { resign }
1-0

[Event "Match"]
[Site "www.echecsemail.com"]
[Date "2015.01.25"]
[Round "1"]
[White "Eman85"]
[Black "Wwgia"]
[WhiteElo "1969"]
[BlackElo "2120"]
[Result "1-0"]
[Round "1"]
1.e4 c5
2.Ng1f3 Nb8c6
3.Nb1c3 g6
4.d4 cxd4
5.Nf3xd4 Bf8g7
6.Nd4xc6 bxc6
7.Bf1c4 Ng8f6
8.e5 Nf6g8
9.Bc1f4 Qd8a5
10.Qd1f3 f5
11.O-O Ng8h6
12.e6 d5
13.Nc3xd5 cxd5
14.Bc4xd5 Ra8b8
15.Bf4xb8 O-O
16.Rf1d1 Bg7xb2
17.Ra1b1 Bb2g7
18.Qf3e3 Bc8a6
19.Qe3xa7 { resign }
1-0

[Event "Match"]
[Site "www.echecsemail.com"]
[Date "2015.01.25"]
[Round "1"]
[White "Spartacus42"]
[Black "Pariolinius"]
[WhiteElo "1809"]
[BlackElo "1710"]
[Result "0-1"]
[Round "1"]
1.e4 c5
2.Nb1c3 Nb8c6
3.g3 e6
4.Bf1g2 Ng8f6
5.d3 Bf8e7
6.f4 d6
7.Ng1f3 O-O
8.O-O Bc8d7
9.Bc1e3 a6
10.a4 Qd8c7
11.Qd1d2 Nf6g4
12.Kh1 Ng4xe3
13.Qd2xe3 Nc6b4
14.Ra1c1 Ra8c8
15.e5 d5
16.Qe3d2 d4
17.Nc3e4 b6
18.Rc1a1 a5
19.c3 dxc3
20.bxc3 Nb4c6
21.Qd2b2 Rc8b8
22.Rf1d1 Bd7c8
23.Nf3d2 Bc8a6
24.Nd2c4 Rf8d8
25.Ne4d6 Ba6xc4
26.Nd6xc4 f6
27.exf6 Be7xf6
28.Bg2h3 Nc6d4
29.cxd4 Bf6xd4
30.Qb2c2 Bd4xa1
31.Bh3xe6 Kh8
32.Rd1xa1 Qc7c6
{ resign }
0-1

[Event "Match"]
[Site "www.echecsemail.com"]
[Date "2015.01.25"]
[Round "1"]
[White "Reanna"]
[Black "Muller42"]
[WhiteElo "1570"]
[BlackElo "1809"]
[Result "0-1"]
[Round "1"]
1.c4 e5
2.g3 d6
3.Nb1c3 c6
4.Bf1g2 f5
5.Ng1f3 Ng8f6
6.O-O Bf8e7
7.e3 O-O
8.b3 Qd8e8
9.Bc1a3 Qe8h5
10.Qd1c2 f4
11.exf4 exf4
12.Nc3e4 Nf6g4
13.c5 d5
14.Ne4d6 Be7xd6
15.cxd6 Bc8f5
16.Qc2c3 fxg3
17.fxg3 Nb8d7
18.b4 Bf5e4
19.Ba3b2 Rf8f7
20.h4 h6
21.Bg2h3 Ra8f8
22.Kg2 Ng4e5
23.Kh2 Ne5xf3
24.Rf1xf3 Qh5xf3
25.Ra1g1 Qf3xc3
26.Bb2xc3 Rf7f2
27.Bh3g2 Be4xg2
28.Rg1xg2 Rf2xg2
29.Kxg2 Nd7f6
30.a4 Nf6e4
31.Bc3e5 Ne4xd2
32.d7 Rf8d8
33.Be5c3 Nd2e4
34.Bc3d4 Rd8xd7
35.Kf3 Rd7f7
36.Kg4 g5
37.hxg5 hxg5
38.Bd4xa7 b5
39.a5 Rf7xa7
40.Kf3 c5
41.bxc5 Ne4xg3
{ resign }
0-1

[Event "Match"]
[Site "www.echecsemail.com"]
[Date "2015.01.25"]
[Round "1"]
[White "Drdoom"]
[Black "Georgepapi"]
[WhiteElo "1740"]
[BlackElo "1860"]
[Result "1-0"]
[Round "1"]
1.e4 c5
2.c4 Nb8c6
3.Nb1c3 d6
4.h3 g6
5.d3 Bf8g7
6.Bc1d2 Ng8f6
7.Qd1c1 O-O
8.Bd2h6 e5
9.Bh6xg7 Kxg7
10.Ng1f3 Bc8e6
11.Bf1e2 Qd8a5
12.O-O Rf8e8
13.a3 Nf6h5
14.Nf3h4 Nh5f4
15.Be2f3 Nf4xd3
16.Qc1d2 Nd3f4
17.Kh2 Be6xc4
18.Rf1e1 Nc6d4
19.Qd2d1 Nf4d3
20.Re1g1 Nd3xb2
21.Qd1c1 Nb2d3
22.Qc1g5 Qa5xc3
23.Ra1f1 Nd4xf3
24.gxf3 Nd3f4
25.Nh4f5 Kh8
26.Qg5f6 { resign }
1-0

[Event "Match"]
[Site "www.echecsemail.com"]
[Date "2015.01.25"]
[Round "1"]
[White "Blackpool"]
[Black "Hardland"]
[WhiteElo "1720"]
[BlackElo "1790"]
[Result "1-0"]
[Round "1"]
1.e4 c5
2.Nb1c3 e6
3.Ng1f3 Nb8c6
4.g3 Ng8f6
5.Bf1g2 Bf8e7
6.d3 O-O
7.O-O d5
8.exd5 Nf6xd5
9.Bc1d2 a6
10.Rf1e1 b5
11.a3 Bc8b7
12.Nc3e4 Ra8b8
13.h4 f5
14.Ne4g5 h6
15.Ng5xe6 Qd8d6
16.Ne6f4 Be7f6
17.Re1e6 Qd6d7
18.Qd1e1 Nc6e5
19.Re6xe5 Bf6xe5
20.Nf3xe5 Qd7d6
21.Nf4xd5 Bb7xd5
22.Bg2xd5 Qd6xd5
23.Ne5g6 Rf8e8
24.Ng6e7 Re8xe7
25.Qe1xe7 Qd5c6
26.Bd2c3 Rb8b7
27.Qe7e5 Rb7f7
28.Ra1e1 Kf8
29.Qe5b8 { resign }
1-0

[Event "Match"]
[Site "www.echecsemail.com"]
[Date "2015.01.25"]
[Round "1"]
[White "Georgepapi"]
[Black "Pare123"]
[WhiteElo "1860"]
[BlackElo "1980"]
[Result "1-0"]
[Round "1"]
1.e4 e6
2.d4 d6
3.Ng1f3 h6
4.Nb1c3 a6
5.Bc1f4 Bf8e7
6.Bf1d3 Ng8f6
7.O-O O-O
8.Rf1e1 Nb8c6
9.a3 b5
10.d5 Nc6a7
11.Qd1d2 Bc8b7
12.Bf4xh6 gxh6
13.Qd2xh6 Nf6g4
14.Qh6h5 Ng4f6
15.Qh5g5 Kh8
16.Qg5h6 Kg8
17.e5 dxe5
18.Re1xe5 Nf6e4
19.Bd3xe4 f5
20.Qh6xe6 Rf8f7
21.Re5xf5 { resign }
1-0

[Event "Match"]
[Site "www.echecsemail.com"]
[Date "2015.01.25"]
[Round "1"]
[White "Castletyme"]
[Black "Lucmeneses"]
[WhiteElo "1840"]
[BlackElo "1970"]
[Result "1-0"]
[Round "1"]
1.e4 c6
2.Ng1f3 d5
3.exd5 cxd5
4.Bf1b5 Bc8d7
5.Bb5xd7 Nb8xd7
6.O-O Ng8f6
7.d3 e6
8.Bc1g5 Bf8e7
9.Bg5xf6 Be7xf6
10.Nb1c3 Qd8a5
11.Qd1e1  { time }
1-0

[Event "Match"]
[Site "www.echecsemail.com"]
[Date "2015.01.25"]
[Round "1"]
[White "Generalfree"]
[Black "Zazi"]
[WhiteElo "1830"]
[BlackElo "1590"]
[Result "1-0"]
[Round "1"]
1.e4 e5
2.Ng1f3 Bf8d6
3.Bf1c4 Ng8f6
4.d3 c6
5.Nf3g5 Qd8b6
6.Bc4xf7 Ke7
7.Bf7c4 h5
8.h3 Bd6c5
9.O-O d5
10.exd5 cxd5
11.Bc4b3 e4
12.dxe4 dxe4
13.Bb3d5 Rh8d8
14.c4 Nb8a6
15.a3 h4
16.Nb1c3 Nf6h5
17.Qd1xh5 Bc8f5
18.Qh5f7 Kd6
19.Qf7xf5 Rd8f8
20.Nc3xe4 Ke7
21.Qf5e5 Kd7
22.Bd5e6 Kd8
23.Rf1d1 Ke7
24.Qe5xg7 Ke8
25.Qg7d7 
1-0

[Event "Match"]
[Site "www.echecsemail.com"]
[Date "2015.01.25"]
[Round "1"]
[White "Ditto"]
[Black "Delacey"]
[WhiteElo "1690"]
[BlackElo "1649"]
[Result "0-1"]
[Round "1"]
1.d4 d5
2.Ng1f3 Nb8c6
3.Bc1f4 Ng8f6
4.e3 e6
5.Bf1b5 Bc8d7
6.Nb1c3 Bf8b4
7.O-O Bb4xc3
8.bxc3 Nf6e4
9.Qd1e1 O-O
10.c4 a6
11.Bb5xc6 Bd7xc6
12.cxd5 Bc6b5
13.dxe6 Bb5xf1
14.exf7 Rf8xf7
15.Kxf1 Qd8f8
16.Nf3e5 Rf7xf4
 { time }
0-1

[Event "Match"]
[Site "www.echecsemail.com"]
[Date "2015.01.25"]
[Round "1"]
[White "Generalfree"]
[Black "Olddog55"]
[WhiteElo "1780"]
[BlackElo "1710"]
[Result "0-1"]
[Round "1"]
1.c4 e5
2.a3 Ng8f6
3.f3 g6
4.e4 Bf8g7
5.Nb1c3 O-O
6.d3 Nb8c6
7.b4 a6
8.g4 Nc6d4
9.Bc1e3 c6
10.h4 d5
11.exd5 cxd5
12.cxd5 Nf6xd5
13.Nc3xd5 Qd8xd5
14.Be3xd4 Qd5xd4
15.Ng1e2 Qd4e3
16.Qd1d2 Qe3xf3
17.Rh1g1 Bc8xg4
18.Rg1g3 Qf3f5
19.Bf1g2 Ra8d8
20.Bg2xb7 e4
21.Bb7xe4 Qf5h5
22.Qd2g5 Qh5xg5
23.hxg5 Bg7xa1
24.Rg3xg4 f5
25.Be4xf5 Rf8xf5
{ resign }
0-1

[Event "Match"]
[Site "www.echecsemail.com"]
[Date "2015.01.25"]
[Round "1"]
[White "Spartacus42"]
[Black "Darknight"]
[WhiteElo "1809"]
[BlackElo "1800"]
[Result "1-0"]
[Round "1"]
1.e4 e5
2.Ng1f3 d6
3.Bf1c4 h6
4.d4 exd4
5.Qd1xd4 a6
6.O-O c5
7.Qd4d3 Bc8g4
8.e5 Bg4e6
9.Bc4xe6 fxe6
10.Qd3g6 Kd7
11.exd6 Kc8
12.Qg6xe6 Nb8d7
13.Bc1f4 Ng8f6
14.Nb1c3 Kb8
15.Rf1d1 Ka7
16.Nf3e5 Nd7xe5
17.Qe6xe5 Qd8b6
18.Nc3a4 Qb6c6
19.Na4xc5 Nf6d7
20.Nc5xd7 Qc6xd7
21.Qe5c5 Kb8
22.Qc5c7 Qd7xc7
23.dxc7 Ka7
24.Rd1d8 Bf8e7
25.Bf4e3 b6
26.Rd8d7 Kb7
27.Rd7xe7 Ra8c8
28.Be3f4 Rh8f8
29.Bf4g3 g5
30.Ra1e1 h5
31.h3 h4
32.Bg3h2 Rf8g8
33.Re7d7 g4
34.hxg4 Rg8xg4
35.Kf1 Rc8g8
36.g3 hxg3
37.Bh2xg3 Rg8f8
38.Kg2 Rf8c8
39.Re1e7 a5
40.Kf3 Rg4g8
41.c3 Rg8f8
42.Ke4 Rf8e8
43.Re7xe8 Rc8xe8
44.Kd5 Re8e2
45.Rd7d8 Re2d2
46.Kc4 { resign }
1-0

[Event "1/64 Finale"]
[Site "www.chess-mail.com"]
[Date "2015.01.25"]
[Round "1"]
[White "Welberth"]
[Black "Cristiano"]
[WhiteElo "1980"]
[BlackElo "2060"]
[Result "0-1"]
[Round "1"]
1.e4 c5
2.d4 cxd4
3.Ng1f3 d6
4.Nf3xd4 Ng8f6
5.Nb1c3 a6
6.Bf1e2 e6
7.Bc1g5 Bf8e7
8.O-O O-O
9.Kh1 Nb8d7
10.f4 Qd8c7
11.f5 e5
 { time }
0-1

[Event "1/128 Finale"]
[Site "www.chess-mail.com"]
[Date "2015.01.25"]
[Round "1"]
[White "Tyty56"]
[Black "Hennie4820"]
[WhiteElo "2469"]
[BlackElo "1980"]
[Result "1-0"]
[Round "1"]
1.e4 c5
2.Ng1f3 e6
3.c3 Nb8c6
4.d4 cxd4
5.cxd4 Ng8f6
6.e5 Nf6d5
7.a3 Bf8e7
8.Bf1d3 Qd8b6
9.Bd3c2 d6
10.O-O dxe5
11.dxe5 Qb6c7
12.Qd1e2 b6
13.b4 a5
14.b5 Nc6d8
15.Ra1a2 Nd8b7
16.Bc2e4 Nd5c3
17.Nb1xc3 Qc7xc3
18.Ra2c2 Qc3b3
19.Nf3d4 Qb3a4
20.Rc2c4 { resign }
1-0

[Event "1/32 Finale"]
[Site "www.chess-mail.com"]
[Date "2015.01.25"]
[Round "1"]
[White "Badplayer"]
[Black "Averoes"]
[WhiteElo "2230"]
[BlackElo "2210"]
[Result "0-1"]
[Round "1"]
1.e4 c5
2.Ng1f3 e6
3.Bf1e2 Nb8c6
4.O-O d5
5.exd5 exd5
6.d4 Bf8d6
7.Rf1e1 Ng8e7
8.Be2b5 O-O
9.Bc1g5 f6
10.Bg5h4 Bc8g4
11.dxc5 Bd6xc5
12.Nb1d2 Ne7g6
13.h3 Bg4xf3
14.Nd2xf3 Ng6xh4
15.Nf3xh4 Bc5xf2
16.Kxf2 Qd8b6
17.Kg3 Qb6xb5
18.Nh4f3 Rf8d8
19.b3 d4
20.Kh2 d3
21.c4 Qb5f5
22.Qd1d2 Rd8d7
23.Re1e3 Ra8d8
24.Ra1e1 Nc6d4
25.Nf3xd4 Rd7xd4
26.Re3f3 Qf5c5
27.Re1e3 h6
28.Kh1 Qc5d6
29.Kg1 b6
30.Kf2 g5
31.g3 Kg7
32.Re3e1 h5
33.Rf3e3 h4
34.gxh4 Qd6h2
{ resign }
0-1

[Event "1/128 Finale"]
[Site "www.chess-mail.com"]
[Date "2015.01.25"]
[Round "1"]
[White "Dominiquer"]
[Black "Llord"]
[WhiteElo "1790"]
[BlackElo "1740"]
[Result "1-0"]
[Round "1"]
1.e4 e5
2.Ng1f3 Nb8c6
3.Bf1c4 Ng8f6
4.Nf3g5 d5
5.exd5 Nf6xd5
6.Ng5xf7 Qd8e7
7.Nf7xh8 Nd5b6
8.Bc4f7 Kd8
9.d3 Bc8d7
10.Qd1h5 g6
11.Qh5xh7 Bd7f5
12.Nh8xg6 Bf5xg6
13.Qh7xg6 Nc6d4
14.Bc1g5 { resign }
1-0